Catálogo

Metodología de la investigación / (Registro nro. 67202)

Detalles MARC
000 -LEADER
fixed length control field 00910nam a2200265 u 4500
001 - CONTROL NUMBER
control field 67202
005 - DATE AND TIME OF LATEST TRANSACTION
control field 20210526121719.0
008 - FIXED-LENGTH DATA ELEMENTS--GENERAL INFORMATION
fixed length control field 170420s2011 mx a r 000 0 spa d
020 ## - INTERNATIONAL STANDARD BOOK NUMBER
International Standard Book Number 9786074384086
040 ## - CATALOGING SOURCE
Description conventions rda
041 ## - LANGUAGE CODE
Language code of text/sound track or separate title spa
082 0# - DEWEY DECIMAL CLASSIFICATION NUMBER
Classification number 001.42
Item number GUE
100 1# - MAIN ENTRY--PERSONAL NAME
Personal name Guerrero Dávila, Guadalupe,
Relator term autor
9 (RLIN) 4144
245 10 - TITLE STATEMENT
Title Metodología de la investigación /
Statement of responsibility, etc. Guadalupe Guerrero Dávila, María Concepción Guerrero Dávila.
250 ## - EDITION STATEMENT
Edition statement Primera edición
264 #1 - PRODUCTION, PUBLICATION, DISTRIBUTION, MANUFACTURE, AND COPYRIGHT NOTICE
Place of production, publication, distribution, manufacture México :
Name of producer, publisher, distributor, manufacturer Grupo Editorial Patria,
Date of production, publication, distribution, manufacture, or copyright notice 2011
300 ## - PHYSICAL DESCRIPTION
Extent xx, 103 páginas :
Other physical details ilustraciones ;
Dimensions 27 cm.
336 ## - CONTENT TYPE
Content type term texto
Source rdacontent
Content type code txt
337 ## - MEDIA TYPE
Media type term sin medio
Source rdamedia
Media type code n
338 ## - CARRIER TYPE
Carrier type term volumen
Source rdacarrier
Carrier type code nc
490 0# - SERIES STATEMENT
Series statement Serie Integral por Competencias
650 #4 - SUBJECT ADDED ENTRY--TOPICAL TERM
Topical term or geographic name entry element Investigación -- Metodología
700 1# - ADDED ENTRY--PERSONAL NAME
Personal name Guerrero Dávila, María Concepción,
Relator term autor
942 ## - ADDED ENTRY ELEMENTS (KOHA)
Classification part 001.42
Item part GUE
Koha item type Libro
Existencias
Withdrawn status Lost status Source of classification or shelving scheme Damaged status Not for loan Collection code Home library Current library Shelving location Date acquired Source of acquisition Total Checkouts Full call number Barcode Price effective from Koha item type
    Dewey Decimal Classification     General Santiago Santiago Sala general 20/04/2017 Compra   001.42 GUE 2011 800013 20/04/2017 Libro